00713nam a2200253uu 450000100070000000500170000700800410002403500110006503500210007604000130009704100080011008000060011810000380012424500200016225000170018226000610019930000180026065000530027865000270033165000270035865000320038565000130041765000290043098752620260507072707.0060804e19950501 spa  a987526 a(OCoLC)777923125 ccomduadb aspa aO10aMuñoz, Maria Victoria4auteaut10aGerencia social a1. edición aMedellín :bEditorial Universidad de Antioquia,c1995. a145 páginas 7aAdministración de servicios comunitarios2lemb aDesarrollo empresarial 7aEmprendimiento2armarc aOrganización como sistema aClientes 7aResponsabilidad social2